000
00281nam a22001337a 4500
003
SGT
082
_a
615
_b
HAL
100
_a
HALL, JASON
245
_a
PHARMACY PRACTICE
260
_a
U.K.
_b
OXFORD PUB.
_c
2013
300
_a
166
650
_a
PHARMACY PRACTICE
942
_2
ddc
_c
BK
999
_c
33088
_d
33088